Score 0/25 Timer 03:00
0 Plays Today
Hint 3-Letter Word % Correct
Sleeping surfaceBED
96%
Have a mealEAT
95.9%
Tweedle ___, half of a Lewis Carroll duo•DEE•
95.9%
'Gone, ___ not forgotten'BUT
95.7%
Flying, busy social insectBEE
95.3%
Material that is minedORE
94.9%
Crawling, busy social insectANT
94.8%
'___ your i's and cross your t's'DOT
94.7%
Tweedle ___, the other half of a Lewis Carroll duo•DUM•
94.1%
Not inOUT
94.1%
Bambi's motherDOE
91.9%
A slangy pal or a rose-to-beBUD
91.6%
It can precede 'Nouveau' or 'Deco'ART
91.1%
Hint 3-Letter Word % Correct
Thing ___, half of a duo in 'The Cat in the Hat'•ONE•
90.8%
A round of ammo that doesn't fire properlyDUD
90.7%
A vagrantBUM
90.3%
Section of a circleARC
89.3%
New Orleans Saints fans: Who ___ NationDAT
89.1%
A small childTOT
88.9%
Thing ___, second half of the duo in 'The Cat in the Hat'•TWO•
87.7%
Enemy of Isengard in 'The Lord of the Rings'•ENT•
87.5%
Trinitrotoluene, explosiveTNT
87.1%
Enemy of Fangorn in 'The Lord of the Rings'•ORC•
86.6%
ExcessivelyTOO
85.6%
'Ils ___': 'They have', in FrenchONT
83.2%

Today's Daily Dose

Remove Ads.
Support Sporcle.
Get the best of Sporcle when you Go Orange. This ad-free experience offers more features, more stats, and more fun while also helping to support Sporcle. Thank you for becoming a member.

You're not logged in!

Compare scores with friends on all Sporcle quizzes.
OR
Log In

Show Comments

Extras

Top Quizzes Today


Score Distribution

Your Account Isn't Verified!

In order to create a playlist on Sporcle, you need to verify the email address you used during registration. Go to your Sporcle Settings to finish the process.

Report this User

Report this user for behavior that violates our Community Guidelines.

Details: